| 000 | 00582nam a2200109Ia 4500 | ||
|---|---|---|---|
| 008 | 171212s9999 xx 000 0 und d | ||
| 100 | _aHoorens, Stijn;Elixmann, Dieter;Cave, Jonathan;Li, Man Sze;Cattaneo, Gabriella | ||
| 245 |
_cHoorens, Stijn;Elixmann, Dieter;Cave, Jonathan;Li, Man Sze;Cattaneo, Gabriella _aTowards a competitive European Internet industry _bA socio-economic analysis of the European Internet industry and the Future Internet Public-Private Partnership |
||
| 260 |
_bRAND Corporation _c2012 |
||
| 650 | _aHistory | ||
| 856 | _uwww.jstor.org/stable/10.7249/j.ctt3fh041 | ||
| 999 |
_c352749 _d352749 |
||